[Event "AUT-ch U12 Girls"]
[Site "Fuerstenfeld"]
[Date "2024.06.01"]
[Round "6"]
[White "Domig, Christina"]
[Black "Jauk, Juliane"]
[Result "1-0"]
[WhiteElo "1064"]
[BlackElo "882"]
[PlyCount "147"]
[EventDate "2024.05.30"]
[EventType "swiss"]
[EventRounds "7"]
[EventCountry "AUT"]
[SourceTitle "CB23_2024"]
[SourceDate "2024.06.05"]
[SourceVersion "1"]
[SourceVersionDate "2024.06.05"]
[SourceQuality "1"]

1. e4 c5 2. Nc3 Nc6 3. d3 Nf6 4. Be3 d6 5. Qd2 g6 6. Nf3 Bg7 7. Be2 0-0 8. Bh6 Bd7 9. h4 Nd4 10. Bd1 Ng4 11. Bxg7 Kxg7 12. h5 Nf6 13. hxg6 fxg6 14. Qh6+ Kg8 15. Nd5 Nxf3+ 16. gxf3 Rf7 17. f4 Nxd5 18. exd5 Qb6 19. b3 Qb4+ 20. Kf1 Qxf4 21. Qxf4 Rxf4 22. c4 Bg4 23. Bc2 Raf8 24. Rh2 h5 25. Re1 Kf7 26. Kg2 Ke8 27. Kg1 g5 28. Bd1 Bxd1 29. Rxd1 Rh8 30. Kg2 h4 31. Rdh1 Kf7 32. f3 Kf6 33. Rh3 Kf5 34. Kf2 g4 35. Rxh4 Rxf3+ 36. Kg2 Rxh4 37. Rxh4 Rxd3 38. Rh5+ Kf6 39. Rh1 Kf5 40. Rf1+ Kg5 41. Rf7 Kh4 42. Rh7+ Kg5 43. Rxe7 Kf4 44. Rf7+ Ke3 45. Kg3 Rd4 46. Rd7 Rd2 47. Rxd6 Rxa2 48. Re6+ Kd3 49. d6 Kc3 50. Re3+ Kb4 51. Rd3 Ra1 52. Kxg4 Rg1+ 53. Kf3 Rf1+ 54. Ke2 Rf7 55. Rf3 Rd7 56. Rd3 Ka5 57. Rd5 Kb6 58. Kd2 Kc6 59. Kc3 Rxd6 60. Rh5 b5 61. b4 cxb4+ 62. Kxb4 bxc4 63. Kxc4 Rd8 64. Ra5 Kb6 65. Rb5+ Ka6 66. Rb1 Rc8+ 67. Kd3 Ka5 68. Rb7 Ka6 69. Rb1 Rc6 70. Rb8 Rb6 71. Rh8 Rd6+ 72. Kc4 Rb6 73. Rh1 Ka5 74. Ra1# 1-0